| 000 | 01051cam a22003015a 4500 | ||
|---|---|---|---|
| 001 | 016635643 | ||
| 003 | OSt | ||
| 005 | 20201128024038.0 | ||
| 008 | 140217t2015 nyua frb 001 0 eng d | ||
| 020 | _a9781259253621 | ||
| 020 | _a1259253627 | ||
| 040 |
_aStDuBDS _beng _cStDuBDS _dUk _dEG-ScBUE |
||
| 082 | 0 | 4 |
_a332.6 _222 _bJOR |
| 100 | 1 |
_aJordan, Bradford D. _92323 |
|
| 245 | 1 | 0 |
_aFundamentals of investments : _bvaluation and management / _cBradford D. Jordan, Thomas W. Miller, Steven D. Dolvin. |
| 250 | _a7th ed., McGraw-Hill international ed. | ||
| 260 |
_aNew York : _bMcGraw-Hill Education, _cc.2015. |
||
| 300 |
_axliii, 708 p. : _bill. ; _c28 cm. |
||
| 490 | 0 | _aThe McGraw-Hill/Irwin series in finance, insurance, and real estate | |
| 504 | _aIncludes bibliographical references and index. | ||
| 650 | 7 |
_aInvestments. _2BUEsh _99026 |
|
| 651 | _2BUEsh | ||
| 653 |
_bBUSECO _cDecember2016 |
||
| 690 | 7 |
_aManagement and Business Studies _2blcoll |
|
| 700 | 1 |
_aMiller, Thomas W., _d1955- |
|
| 700 | 1 | _aDolvin, Steven D. | |
| 942 | _2ddc | ||
| 999 |
_c23453 _d23425 |
||